000 01105cam a2200337 a 4500
001 3324776
003 ARRUPE
005 20140925133211.0
008 850207s1983 nyu b 000 0 eng
010 _a 84200026
020 _a0916134563 (pbk.)
040 _aDLC
_cDLC
_dDLC
041 1 _aengger
050 0 0 _aBV55
_b.D5313 1983
082 0 0 _a265/.9
_219
130 0 _aDies ist die Nacht.
_lEnglish.
_911675
245 1 0 _aCelebrating the Easter Vigil /
_cedited by Rupert Berger and Hans Hollerweger ; translated by Matthew J. O'Connell.
250 _aEnglish ed.
260 _aNew York :
_bPueblo Pub. Co.,
_cc1983.
300 _aviii, 157 p. ;
_c22 cm.
500 _aTranslation of: Dies ist die Nacht.
504 _aIncludes bibliographies.
610 2 0 _aCatholic Church
_xSermons.
_93001
650 0 _aEaster.
_97826
650 0 _aLenten sermons.
_911676
650 0 _aSermons, German
_xTranslations into English.
_911677
700 1 _aBerger, Rupert.
_911678
700 1 _aHollerweger, Hans.
_911679
906 _a7
_bcbc
_corignew
_d3
_encip
_f19
_gy-gencatlg
942 _2lcc
_cMONOGRAPH
999 _c120966
_d120966